Russkiĭ istoricheskiĭ zhurnal : zhurnal Instituta russkoĭ istorii RGGU.

Bibliographic Details
Uniform Title:Russkiĭ istoricheskiĭ zhurnal (Moscow, Russia)
Corporate Author: Rossiĭskiĭ gosudarstvennyĭ gumanitarnyĭ universitet. Institut russkoĭ istorii
Format: Journal
Language:Russian
Language Notes:Text in Russian, with summaries in English.
Published: Moskva : RGGU, 1998-
Subjects:

MARC

Tag First Indicator Second Indicator Subfields
LEADER 00000cas a22000005a 4500
001 in00001801321
005 20151026051019.0
008 990304c19989999ru qx p 0 0rusod
010 |a sn 99020362  
012 |i 9903 
035 |a (OCoLC)ocm40903733 
040 |a COO  |c COO  |d HLS  |d DLC  |d TXA  |d UtOrBLW 
041 0 |a rus  |b eng 
042 |a lc 
043 |a e-ru--- 
049 |a TXAM 
050 1 4 |a DK1  |b .R874 
130 0 |a Russkiĭ istoricheskiĭ zhurnal (Moscow, Russia) 
245 1 0 |a Russkiĭ istoricheskiĭ zhurnal :  |b zhurnal Instituta russkoĭ istorii RGGU. 
246 1 7 |a RIZH 
264 1 |a Moskva :  |b RGGU,  |c 1998- 
300 |a volumes ;  |c 22 cm. 
310 |a Four issues a year 
336 |a text  |b txt  |2 rdacontent 
337 |a unmediated  |b n  |2 rdamedia 
338 |a volume  |b nc  |2 rdacarrier 
362 0 |a T. 1, no 1 (zima 1998)- 
546 |a Text in Russian, with summaries in English. 
651 0 |a Russia (Federation)  |x History  |v Periodicals. 
710 2 |a Rossiĭskiĭ gosudarstvennyĭ gumanitarnyĭ universitet.  |b Institut russkoĭ istorii. 
850 |a DLC  |a NIC 
936 |a T. 1, no 2 (vesna 1998) LIC 
994 |a E0  |b TXA 
999 |a MARS 
999 f f |s 0c8ee91e-5a59-3f56-bdc5-d106ff3ba7df  |i d5bd3877-1d7a-36ce-870f-ffd1e56f4e55  |t 0 
952 f f |p ric  |a Texas A&M University  |b Rellis Campus  |c Joint Library Facility  |d Remote Storage  |t 0  |e DK1 .R874  |h Library of Congress classification  |i unmediated -- volume  |k t.1:no.1  |l 1998:Zima  |m A14830817353 
998 f f |a DK1 .R874  |s t.1:no.1 (1998:Zima)  |t 0  |l Remote Storage